Hilea magdalenesa (Registro nro. 320118)

Detalles MARC
000 -ENCABEZADO
Número de control [NR] 00919nam a22002297a 4500
005 - FECHA Y HORA DE LA ÚLTIMA TRANSACCIÓN
control field 20211206143406.0
008 - DE LONGITUD FIJA DE DATOS DE ELEMENTOS - INFORMACIÓN GENERAL
Elementos de longitud fija [NR] 211109s2019 ck a|||gr|||| 00| 0 spa d
020 ## - NUMERO INTERNACIONAL NORMALIZADO PARA LIBROS [R]
Número Internacional Normalizado del libro [NR] 9789585210288
040 ## - FUENTE DE CATALOGACION [NR]
Agencia de catalogación original [NR] CO-BoUCM
Idioma de catalogación [NR] spa
Quien Cataloga Deissy Garcia
Quien Clasifica Deissy Garcia
041 0# - CODIGO DE IDIOMA [R]
Código de idioma para texto/pista de sonido o título separado [R] Español
100 ## - ASIENTO PRINCIPAL--NOMBRE PERSONAL [NR]
ID Autoridad 95179
Nombre personal [NR] Pérez Arbeláez, Enrique
245 10 - MENCION DE TITULO [NR]
Título [NR] Hilea magdalenesa
Parte restante del título [NR] prospección económica del Valle Tropical del Río Magdalena
Mención de responsabilidad, etc. [NR] Enrique Pérez Arbeláez
260 ## - PUBLICACION, DISTRIBUCION, ETC. (PIE DE IMPRENTA) [R]
Lugar de publicación, distribución, etc. [R] Bogotá
Nombre del editor, distribuidor, etc. [R] Sociedad Geográfica de Colombia
Fecha de publicación, distribución, etc. [R] 2019
300 ## - DESCRIPCION FISICA [R]
Extensión [R] 352 páginas
Otros detalles físicos [NR] ilustraciones
504 ## - NOTA DE BIBLIOGRAFIA, ETC. [R]
Nota de bibliografía, etc. [NR] Incluye referencias bibliográficas
651 10 - ASIENTO SECUNDARIO DE MATERIA - NOMBRE GEOGRAFICO [R]
Nombre geográfico [NR] Colombia
Subdivisión general [R] Geografía
9 (RLIN) 45418
651 10 - ASIENTO SECUNDARIO DE MATERIA - NOMBRE GEOGRAFICO [R]
Nombre geográfico [NR] Magdalena (Río, Colombia)
Subdivisión general [R] Descripciones y viajes
9 (RLIN) 157679
651 10 - ASIENTO SECUNDARIO DE MATERIA - NOMBRE GEOGRAFICO [R]
Nombre geográfico [NR] Magdalena (Río, Colombia)
Subdivisión general [R] Historia
9 (RLIN) 157680
710 ## - ASIENTO SECUNDARIO - NOMBRE CORPORATIVO [R]
9 (RLIN) 86457
Nombre corporativo o de jurisdicción como elemento de entrada [NR] Sociedad Geográfica de Colombia
942 ## - ELEMENTOS DE ENTRADA AGREGADOS (KOHA)
Sistema de clasificación DEWEY
Tema principal Geografía
Tipo de ítem principal el descrito en 300a Libro
Edición 1
Clasificación 918.6
Parte restante de la signatura top. P944h
Título oculto en OPAC No
Existencias
Total préstamos Signatura topográfica Código de barras Última vez visto Ejemplar Costo de reposición Price effective from Tipo de ítem Perdido Sistema de clasificación Dañado No prestable Tipo de ítem específico Suprimido Ubicación habitual Ubicación actual Localización Fecha de creación Forma de adquisición Costo
  918.6 P944h 100168667 09/12/2025 Ej.1 26000.00 09/11/2021 Libro   DEWEY     Libro   Claustro Claustro 2do piso 09/11/2021 Donación 0.00